000 00402nam a2200157Ia 4500
005 20251020182608.0
008 200515s9999 xx 000 0 und d
082 _aSC/620.17/A49
110 _aAmerican Society for Testing and Materials
245 0 _aConstruction: Chemical-Resistant Materials
260 _aPhiladelphia
260 _c1995
300 _a952
650 _aCONSTRUCTION
942 _cLIB
999 _c3260
_d3260